Borsa del Treball de Barcelona : reglament = Bolsa del Trabajo de Barcelona : reglamento reglament = Bolsa del Trabajo de Barcelona :
Descripción Física:
10 p. ; 14 cm
MARC
| LEADER | 00000nam a2200000Ia 4500 | ||
|---|---|---|---|
| 001 | 20440 | ||
| 003 | BGR | ||
| 005 | 20260324180135.0 | ||
| 008 | 160829s9999 xx 000 0 cat d | ||
| 080 | |a 3389, exp. 8 | ||
| 110 | 2 | |a Borsa de Treball de Barcelona |9 70690 | |
| 245 | |a Borsa del Treball de Barcelona : |b reglament = Bolsa del Trabajo de Barcelona : |b reglamento | ||
| 260 | |a Barcelona : |b Tipografía Miguel Serra, [1912?] | ||
| 300 | |a 10 p. ; |c 14 cm | ||
| 590 | |a Text en català i castellà | ||
| 650 | |a Borsa de Treball de Barcelona |x Reglaments i procediment |9 38601 | ||
| 901 | |a Arxiu | ||
| 942 | |n 1 |2 udc |c MON | ||
| 952 | |0 0 |1 0 |4 0 |6 3389_EXP_8 |7 1 |9 53967 |a Arxiu |b Arxiu |d 2016-12-01 |l 0 |o 3389, exp. 8 |p 20440 |r 2016-12-01 00:00:00 |w 2016-12-01 |y ARXIU | ||
| 999 | |c 57834 |d 57834 | ||